00425pab a2200145 454500008004000000100002100040245009100061260000900152300001300161362001100174650003200185650002400217650001400241773002400255180718b1997 xxu||||| |||| 00| 0 eng d aConmor, Emmet O. aReds and the green: problems of the history and historiography of communism in Ireland c1997 ap.113-18 aSpring aPolitical parties - Ireland aCommunism - Ireland aCommunism aScience and Society